Logo

Description automatically generated
विद्यार्जन
 संसाधन केंद्र, भारतीय प्रौद्योगिकी संस्थान इन्दौर
Learning Resource Center, Indian Institute of Technology Indore

ऑनलाइन सार्वजनिक अभिगम प्रसूची
Online Public Access Catalogue (OPAC)

Financial statement analysis handbook (Record no. 57274)

MARC details
000 -LEADER
fixed length control field 00637nam a2200229Ia 4500
005 - DATE AND TIME OF LATEST TRANSACTION
control field 20260629163253.0
008 - FIXED-LENGTH DATA ELEMENTS--GENERAL INFORMATION
fixed length control field 260629s9999||||xx |||||||||||||| ||und||
020 ## - INTERNATIONAL STANDARD BOOK NUMBER
International Standard Book Number 9788195895076
Qualifying information hb
082 ## - DEWEY DECIMAL CLASSIFICATION NUMBER
Classification number 657.3
Item number SUN
100 ## - MAIN ENTRY--PERSONAL NAME
Personal name Sundarka, Anurag
245 #0 - TITLE STATEMENT
Title Financial statement analysis handbook
260 ## - PUBLICATION, DISTRIBUTION, ETC.
Place of publication, distribution, etc. [Surat]
Name of publisher, distributor, etc. ZebraLearn
Date of publication, distribution, etc. 2023
300 ## - PHYSICAL DESCRIPTION
Extent 418p. ; 21cm.
653 ## - INDEX TERM--UNCONTROLLED
Uncontrolled term Balance sheet
653 ## - INDEX TERM--UNCONTROLLED
Uncontrolled term Business enterprises—Finance
653 ## - INDEX TERM--UNCONTROLLED
Uncontrolled term Cash flow analysis
653 ## - INDEX TERM--UNCONTROLLED
Uncontrolled term Corporations—Accounting
653 ## - INDEX TERM--UNCONTROLLED
Uncontrolled term Income statement
653 ## - INDEX TERM--UNCONTROLLED
Uncontrolled term Investments—Evaluation
653 ## - INDEX TERM--UNCONTROLLED
Uncontrolled term Ratio analysis
942 ## - ADDED ENTRY ELEMENTS (KOHA)
Koha item type Book
Holdings
Withdrawn status Lost status Damaged status Not for loan Home library Current library Shelving location Date acquired Source of acquisition Total Checkouts Full call number Barcode Date last seen Price effective from Koha item type
        LRC, IIT Indore LRC, IIT Indore 2nd Floor - General Stack 29/06/2026 Gratis Book Price: INR 2990.00   657.3 SUN G2499 29/06/2026 29/06/2026 Book
Copyright © 2017-2026 Indian Institute of Technology Indore. All Rights Reserved.
Managed & maintained by Learning Resource Center, IIT Indore